000 00667nam a22002177a 4500
003 UA-OsUOA
001 74264
007 ta
008 20110331b un ||||| |||| 00| 0 ukr d
100 _aАпресян В.Ю.
090 _a81
_bА77
942 _cSA
040 _aUA-OsUOA
_bukr
_cUA-OsUOA
_dUA-OsUOA
245 _aОпыт кластерного анализа: русские и английские эмоциональные концепты
300 _aС.19-52
955 _a0
041 _aukr
080 _a81
773 0 _w74263
650 7 _a8 Мовознавство. Художня література. Літературознавство
_2UDC
999 _c360555
_d360555